000 00729nam a22002417a 4500
003 OSt
005 20260611144540.0
008 260611b |||||||| |||| 00| 0 eng d
020 _a9781412963626
040 _cChuka university library
050 _aLC 1099.3
_b.C8 2009
100 _aLindsey, Randall B
_928571
245 _aCultural proficiency :manual school leaders
250 _a3rd Ed
260 _aNew delhi
_bcorwin
_c2009
300 _axx 318pp
650 _amulticultura education-united states
_928572
650 _aeducation- political aspects
_928573
650 _aAcademic achievement- united states
_927676
700 _a Robins, kikanza
_928574
700 _aTerrell, Raymond
_928575
942 _2lcc
_cBK
_n0
999 _c23985
_d23985